| 000 | 00637nam a2200205Ia 4500 | ||
|---|---|---|---|
| 005 | 20250508170242.0 | ||
| 008 | 008 250505s9999 xx 000 0 eng d | ||
| 020 | _a978-93-5287-715-7 | ||
| 037 | _aReference | ||
| 040 |
_aFEDL _beng _cFEDL |
||
| 041 |
_aeng _2eng |
||
| 084 |
_a407, AKH/RR _qFEDL |
||
| 100 |
_aAkhavan Nancy _9783624 |
||
| 245 | 0 | _aSmall group reading with multilingual learners: Differentiating instruction in 20 minutes a day | |
| 260 |
_aThousand Oaks, Calfornia _bCorwin Press _c2023 |
||
| 300 | _avii, 237p. | ||
| 365 |
_aUSD _b39.95 |
||
| 942 |
_cREF _h407, AKH/RR |
||
| 999 |
_c1400030 _d1400030 |
||